Medagliere Tiro con l'arco ai Giochi Olimpici - Statistics

Statistiche generali
  • Questo quiz è stato fatto 25 volte
  • Il punteggio medio è 11 su 16
Statistiche sulle risposte
Medaglie complessive Medaglie d'Oro Medaglie d'Argento Medaglie di Bronzo Rappresentativa olimpica % Corretto
9 1 6 2 Cina
100%
9 2 3 4 Italia
100%
33 14 10 9 Stati Uniti
100%
25 7 11 7 Francia
91%
4 0 2 2 Germania
91%
43 27 9 7 Corea del Sud
83%
7 0 3 4 Giappone
83%
9 2 2 5 Gran Bretagna
78%
3 1 0 2 Australia
70%
3 0 1 2 Messico
65%
7 1 3 3 Unione Sovietica
65%
3 1 1 1 Paesi Bassi
57%
21 11 7 3 Belgio
52%
4 1 1 2 Finlandia
48%
4 0 2 2 Taipei Cinese
22%
4 1 1 2 Ucraina
13%
Nessun quiz corrispondente trovato
Distribuzione punteggi
Percentuale di utenti per punteggio
Percentile per numero di risposta
I tuoi punteggi nel tempo
Non hai fatto questo quiz